| 000 | 00411nam a2200157I 4500 | ||
|---|---|---|---|
| 040 | _cYNG | ||
| 082 | _a517 ADD 1961 A023 Or. | ||
| 100 | 1 | 0 | _aThomas, George Brinton, |
| 245 | 0 | 0 | _aCalculus |
| 250 | _a2d ed | ||
| 260 | 0 |
_aReading, Mass., _bAddison-Wesley Pub. Co. _c[1961,repr. 1963] |
|
| 300 |
_a850 p. _billus. _c24 cm |
||
| 490 | 0 | _aAddison-Wesley series in mathematics | |
| 650 | 0 | _aCalculus | |
| 942 | _cFB | ||
| 999 |
_c16357 _d16357 |
||